000 00785nam a2200253Ia 4500
003 OSt
005 20220925215647.0
006 a|||||r|||| 00| 0
007 ta
008 220923b |||||||| |||| 00| 0 eng d
037 _cGeneral Book
040 _aRTL
_cRTL
_beng
041 _2eng
_aeng
082 _aT.2.M54, A
110 _aGreat Britain, Government Of.... East India Education
_9281798
245 0 _aCopy of corresondence with the Indian Government,
260 _aLondon
_bIndia Office U K
_c1859
300 _a760p.
_ccm.
490 _aGreat Britain, House Of Commons, Publication
650 _aEducation
700 _aGreat Britain, Government Of.... East India Education
_9281799
942 _hT.2.M54, A
_cGB
_2CC
999 _c569378
_d569378